| 000 | 01449cam a2200385 i 4500 | ||
|---|---|---|---|
| 999 |
_c63804 _d63804 |
||
| 001 | 703206389 | ||
| 003 | CO-MdFUSB | ||
| 005 | 20191022170634.0 | ||
| 008 | 111201t2011 nyu 000 0 eng d | ||
| 010 | _a2011275379 | ||
| 020 | _a9780062076205 | ||
| 020 | _a0062076205 | ||
| 020 | _a9780062076212 | ||
| 040 |
_aCO-MdFUSB _beng _cCO-MdFUSB _dDLC _dYDXCP _dUKMGB _dJST _dSRC _dBWX _dOHI _dTLE _dMNJ _dBDX _dCNTCS _dUtOrBLW _erda |
||
| 041 | _aeng | ||
| 042 | _alccopycat | ||
| 082 |
_a23 _2G 361.832 _bL96t |
||
| 092 |
_a361.7 _bL96 |
||
| 100 | 1 |
_aLupton, Robert D. _eautor |
|
| 245 | 1 | 0 |
_aToxic charity : _bhow churches and charities hurt those they help (and how to reverse it) _c / Robert D. Lupton. |
| 250 | _aprimera edición | ||
| 264 | 1 |
_aNew York, NY : _bHarperOne, _c[2011] |
|
| 264 | 4 | _c© 2011 | |
| 300 |
_a191 páginas ; _c22 cm. _b: |
||
| 336 |
_2rdacontent. _atexto _btxt |
||
| 337 |
_2rdamedia. _asin mediación _bn |
||
| 338 |
_2rdacarrier. _avolumen _bnc |
||
| 505 | 0 | _aEl escándalo. -- El problema con buenas intenciones. -- La anatomía de dar. -- Necesidades versus relaciones. -- Más allá de la dadivas basada en nosotros. -- Sin soluciones rápidas. -- Dar sabiamente. -- Prestar juramento - Servicio con dignidad.-- Obtención empezado. | |
| 563 | _aRústico | ||
| 650 | 7 |
_aPobreza _2embne _92466 |
|
| 650 | 0 |
_aCristianismo y economía _91199 |
|
| 650 | 0 |
_aAcción social _91175 |
|
| 942 | _cBK | ||
| 945 | _aJTF-925 | ||